| 000 | 00905nam a22002897a 4500 | ||
|---|---|---|---|
| 001 | 1860607 | ||
| 003 | OSt | ||
| 005 | 20240523064430.0 | ||
| 008 | 240523b |||||||| |||| 00| 0 eng d | ||
| 010 | _a 82014719 | ||
| 020 | _a0443016593 (pbk.) : | ||
| 040 |
_aKMU _cKMU _dKMU _beng _eRDA |
||
| 050 | 1 | 0 |
_aRC556 _b.B333 1983 |
| 100 | 1 | _aBancroft, John. | |
| 245 | 1 | 0 |
_aHuman sexuality and its problems / _cJohn Bancroft ; with the assistance of Philip Myerscough ; foreword by Gunter Schmidt. |
| 260 |
_aEdinburgh ; _aNew York : _bChurchill Livingstone, _c1983. |
||
| 300 |
_axii, 447 p. : _bill. ; _c24 cm. |
||
| 504 | _aIncludes bibliographies and index. | ||
| 650 | 0 | _aSexual disorders. | |
| 650 | 0 | _aSex (Psychology) | |
| 650 | 0 | _aSex (Biology) | |
| 650 | 2 | _aSex behavior. | |
| 650 | 2 | _aSex disorders. | |
| 650 | 2 | _aSex. | |
| 700 | 1 |
_aMyerscough, P. R. _q(Philip Roger) |
|
| 942 |
_2lcc _cBK _n0 |
||
| 999 |
_c1254 _d1254 |
||